Statistics for Top 350 Romance Films (IMDB)

Click here to take the quiz!

General Stats

  • This quiz has been taken 78 times
  • The average score is 13 of 369

Answer Stats

FilmYearIMDB% Correct
The Notebook20047.8
63%
Premam20158.3
58%
Titanic19977.8
52%
Casablanca19428.5
44%
La La Land20168.0
42%
Beauty and the Beast19938.0
34%
Beauty and the Beast19467.9
34%
Pride & Prejudice20057.8
32%
Gone with the Wind19398.1
31%
A Chinese Odyssey: Part 2 - Cinderella19958.0
30%
Raajakumara20178.1
27%
Aladdin19928.0
24%
Eternal Sunshine of the Spotless Mind20048.3
24%
Her20138.0
23%
Malliswari20047.8
23%
Some Like It Hot19598.2
23%
The Sound of Music19658.0
23%
Amélie20018.3
21%
Dia20208.2
21%
Singin' in the Rain19538.3
21%
Annie Hall19778.0
20%
Before Sunrise19958.1
20%
Call Me by Your Name20177.9
20%
My Fair Lady19647.8
20%
Your Name.20168.4
20%
About Time20137.8
18%
Before Sunset20048.1
18%
Sense and Sensibility19957.7
18%
The Fault in Our Stars20147.7
18%
It's a Wonderful Life19468.6
17%
Little Women20197.8
17%
The Princess Bride19878.1
17%
The Apartment19608.3
15%
The Last: Naruto the Movie20147.7
15%
(500) Days of Summer20097.7
14%
Before Midnight20137.9
14%
Brokeback Mountain20057.7
14%
As Good as It Gets19977.7
13%
Atonement20077.8
13%
Rebecca19408.1
13%
Roman Holiday19538.0
13%
American Beauty19998.3
11%
In the Mood for Love20008.1
11%
Vertigo19588.3
11%
It Happened One Night19348.1
10%
Portrait of a Lady on Fire20198.1
10%
WALL-E20088.4
10%
Midnight19397.9
8%
Midnight in Paris20117.7
8%
The Curious Case of Benjamin Button20087.8
8%
The Graduate19678.0
8%
The Philadelphia Story19407.9
8%
City Lights19318.5
7%
Holiday19387.8
7%
Howl's Moving Castle20048.2
7%
Manhattan19797.9
7%
One Day20167.7
7%
Silver Linings Playbook20127.7
7%
The Theory of Everything20147.7
7%
Blue Is the Warmest Colour20137.7
6%
Bringing Up Baby19387.9
6%
Edward Scissorhands19907.9
6%
Moonrise Kingdom20127.8
6%
Sairat20168.3
6%
The African Queen19517.8
6%
The Perks of Being a Wallflower20127.9
6%
Always20117.8
4%
Amour20127.9
4%
Dev.D20098.0
4%
Devdas19557.9
4%
Godfather19918.6
4%
Harold and Maude19717.9
4%
Marty19557.7
4%
Modern Times19368.5
4%
Sunrise: A Song of Two Humans19278.1
4%
The Artist20117.9
4%
The Wind19288.1
4%
The Worst Person in the World20218.1
4%
Dilwale Dulhania Le Jayenge19958.1
3%
Farewell My Concubine19938.1
3%
Flipped20107.7
3%
Happy Together19977.7
3%
Notorious19468.0
3%
Persuasion19957.7
3%
Slumdog Millionaire20088.0
3%
The Handmaiden20168.1
3%
The Hunchback of Notre Dame19397.8
3%
The Red Shoes19488.1
3%
Top Hat19357.8
3%
Veer-Zaara20047.8
3%
3-Iron20048.0
1%
9620188.5
1%
A Chinese Odyssey: Part One - Pandora's Box19957.7
1%
Amen20137.8
1%
Barfi!20128.1
1%
Brief Encounter19458.0
1%
Charade19637.9
1%
Chungking Express19948.1
1%
Dil Bechara20208.2
1%
Dil Chahta Hai20018.1
1%
Fallen Angels19957.7
1%
Fried Green Tomatoes19917.7
1%
Goodbye, Mr. Chips19397.9
1%
Guess Who's Coming to Dinner19677.8
1%
Kal Ho Naa Ho20037.9
1%
Kanche20157.9
1%
Maurice19877.7
1%
Mughal-E-Azam19608.2
1%
My Girl20038.0
1%
Shall We Dance?19967.7
1%
Sufna20208.1
1%
The Girls19617.9
1%
The Purple Rose of Cairo19857.7
1%
The Quiet Man19527.8
1%
The Shop Around the Corner19408.1
1%
To Have and Have Not19447.8
1%
True Romance19937.9
1%
War and Peace19658.3
1%
Waterloo Bridge19407.8
1%
Whisper of the Heart19957.9
1%
190019767.7
0%
30 Rojullo Preminchadam Ela?20217.9
0%
7G Rainbow Colony20047.9
0%
7th Heaven19277.7
0%
A Cruel Romance19848.0
0%
Alai Payuthey20008.3
0%
Ala Modalaindi20117.7
0%
A Letter to Three Wives19497.7
0%
Amar Prem19728.2
0%
A Moment to Remember20048.2
0%
Anand20047.9
0%
Ananthu vs Nusrath20188.6
0%
An Autumn's Tale19877.7
0%
Andaz Apna Apna19948.1
0%
Angrej20158.6
0%
An Ordinary Miracle19788.2
0%
Aradhana19697.7
0%
Arjun Reddy20178.1
0%
Arya20047.8
0%
A Short Film About Love19888.2
0%
A Tale of Two Cities19357.8
0%
Autograph20047.7
0%
Autumn Marathon19797.9
0%
Awaara19517.9
0%
Baazigar19937.7
0%
Babette's Feast19877.8
0%
Ballad of a Soldier19598.2
0%
Ball of Fire19417.8
0%
Bangalore Days20148.3
0%
Be with You20187.7
0%
Bhale Bhale Magadivoy20157.7
0%
Black Cat, White Cat19988.1
0%
Bombay19958.1
0%
Bommarillu20068.2
0%
Boyz n the Hood19917.8
0%
Carry on Jatta20128.2
0%
Castaway on the Moon20098.0
0%
Chal Mera Putt20198.0
0%
Charlie20158.0
0%
Chashme Buddoor19818.0
0%
Chhoti Si Baat19768.3
0%
Chi La Sow20187.8
0%
Children of Paradise19458.4
0%
Chithram19888.6
0%
Cholera Street19977.7
0%
C/o Kancharapalem20188.9
0%
Colour Photo20208.4
0%
Comrades: Almost a Love Story19968.1
0%
Darr: A Violent Love Story19937.8
0%
Daruchini Dwip20077.9
0%
Days of Heaven19787.8
0%
Doctor Zhivago19658.0
0%
Double Suicide19697.7
0%
Earth19997.7
0%
Ennu Ninte Moideen20158.0
0%
Fanny19327.8
0%
Fiddler on the Roof19718.0
0%
Final Cut: Ladies and Gentlemen20128.0
0%
Formula of Love19848.1
0%
Geetha Govindam20187.7
0%
Girl Shy19247.7
0%
Gitanjali19898.3
0%
Gloomy Sunday19997.8
0%
Godavari20067.8
0%
God's Own Country20177.7
0%
Gully Boy20197.9
0%
Guna19918.2
0%
Hamlet19967.7
0%
Head-On20047.9
0%
Hedwig and the Angry Inch20017.7
0%
Hiroshima Mon Amour19597.9
0%
His Highness Abdullah19907.9
0%
Honsla Rakh20218.4
0%
Imitation of Life19597.8
0%
In a Lonely Place19508.0
0%
Indru Netru Naalai20158.1
0%
It Can't Be!19757.7
0%
Jab We Met20077.9
0%
J'accuse!19197.7
0%
Jamba Lakidi Pamba19928.3
0%
Josee, the Tiger and the Fish20207.9
0%
Ju Dou19907.7
0%
Jules and Jim19627.8
0%
Kaadhal Kondein20038.0
0%
Kaakha..Kaakha: The Police20038.1
0%
Kabhi Haan Kabhi Naa19947.8
0%
Kalyanaraman20027.8
0%
Kannum Kannum Kollaiyadithaal20207.7
0%
Kapoor & Sons20167.7
0%
Khushi20018.0
0%
Kilukkam19918.6
0%
Kumari 21F20157.7
0%
Kushi20008.0
0%
Lacombe, Lucien19747.7
0%
Lahoriye20177.8
0%
Laila Majnu20187.8
0%
L'Atalante19347.8
0%
Laurence Anyways20127.7
0%
L'Eclisse19627.8
0%
Le Jour Se Lève19397.7
0%
Le Plaisir19527.7
0%
Letter from an Unknown Woman19488.0
0%
Let the Right One In20087.9
0%
Libeled Lady19367.8
0%
Little England20137.8
0%
Lonesome19287.8
0%
Lost Horizon19377.7
0%
Love Among the Ruins19757.8
0%
Love and Doves19858.0
0%
Love and Lies19817.9
0%
Love Exposure20088.1
0%
Love in Kilnerry20218.8
0%
Love Letter19957.9
0%
Love Mocktail20208.3
0%
Love Ni Bhavai20178.4
0%
Love of Siam20077.8
0%
Lovers of the Arctic Circle19987.7
0%
Love Today19978.7
0%
Lucky Star19297.8
0%
Maara20217.7
0%
Madhumati19588.0
0%
Madrasapattinam20107.8
0%
Magadheera20097.7
0%
MalliRaava20178.0
0%
Manam20148.0
0%
Marius19317.9
0%
Mathilukal19908.3
0%
Mayakkam Enna20117.7
0%
Mayanadi20177.8
0%
Me and Earl and the Dying Girl20157.7
0%
Meesha Madhavan20027.9
0%
Memories of Matsuko20067.8
0%
Monpura20098.7
0%
Moondram Pirai19828.6
0%
Moscow Does Not Believe in Tears19808.1
0%
Mounam Pesiyadhe20027.8
0%
Mouna Ragam19868.5
0%
Mozhi20078.0
0%
Mr. Deeds Goes to Town19367.9
0%
Mumbai Pune Mumbai20108.0
0%
Mungaru Male20068.3
0%
Munthiri Monchan: Oru Thavala Paranja Kadha20197.8
0%
Murari20017.8
0%
My Man Godfrey19368.0
0%
My Sassy Girl20018.0
0%
Namukku Parkkan Munthiri Thoppukal19868.4
0%
Natyam20218.8
0%
Never Look Away20187.8
0%
Ninaithen Vandhai19988.1
0%
Ninotchka19397.9
0%
Now, Voyager19427.9
0%
Nuvvostanante Nenoddantana20057.8
0%
Nuvvu Naaku Nachchav20018.7
0%
Oasis20027.9
0%
Office Romance19778.3
0%
Oh My Kadavule20208.1
0%
Oohalu Gusagusalade20147.7
0%
Orpheus19507.9
0%
Our Hospitality19237.8
0%
Pannaiyarum Padminiyum20147.8
0%
Pashupati Prasad20168.5
0%
Pathinaru Vayathinile19778.0
0%
Pelli Choopulu20168.2
0%
Pépé le Moko19377.8
0%
Poove Unakkaga19968.7
0%
Port of Shadows19387.8
0%
Portrait of Jennie19487.7
0%
Priyamudan19988.6
0%
Priyuralu Pilichindi20007.7
0%
Pyaasa19578.5
0%
Pygmalion19387.8
0%
Qismat20188.4
0%
Raincoat20047.7
0%
Raise the Red Lantern19918.1
0%
Random Harvest19428.0
0%
Rascal Does Not Dream of a Dreaming Girl20198.3
0%
Respect for Love19978.3
0%
Rockstar20117.7
0%
Roja19928.2
0%
Safety Last!19238.1
0%
Sagara Sangaman19838.8
0%
Sanmanassullavarkku Samadhanam19867.9
0%
Sethu19998.1
0%
Seven Chances19257.9
0%
Shahjahan20017.9
0%
Shelter20077.7
0%
Shiddat: Journey Beyond Love20218.0
0%
Sigappu Rojakkal19787.9
0%
Sillu Karuppatti20198.1
0%
Simple Agi Ondh Love Story20138.0
0%
Sir20187.7
0%
Soldier's Girl20037.8
0%
Splendor in the Grass19617.8
0%
Stairway to Heaven19468.1
0%
Station for Two19837.8
0%
Story of an Egg20178.0
0%
Summer19867.7
0%
Summer in Bethlehem19987.8
0%
Thaneermathan Dinangal20197.9
0%
The Awful Truth19377.7
0%
The Best Offer20137.8
0%
The Cameraman19288.1
0%
The Classic20037.8
0%
The Count of Monte Cristo20027.7
0%
The Cranes Are Flying19578.3
0%
The Earrings of Madame De...19538.0
0%
The Fabulous Baron Munchausen19627.7
0%
The Ghost and Mrs. Muir19477.9
0%
Thegidi20147.7
0%
The Girl Who Leapt Through Time20067.7
0%
The Girl with the Red Scarf19778.6
0%
The Irony of Fate, or Enjoy Your Bath!19758.1
0%
The Joy Luck Club19937.7
0%
The Lady Eve19417.8
0%
The Last Command19288.0
0%
The Legend of 190019988.1
0%
The Life and Death of Colonel Blimp19438.1
0%
The Man Who Laughs19287.7
0%
The More the Merrier19437.7
0%
The Mother and the Whore19738.0
0%
The Music Man19627.7
0%
The Night Before Christmas19617.7
0%
Thenmavin Kombath19948.1
0%
The Road Home19997.8
0%
The Scarlet Pimpernel19827.7
0%
The Silence of the Sea20047.9
0%
The Story of the Last Chrysanthemum19397.9
0%
The Umbrellas of Cherbourg19647.8
0%
The Way He Looks20147.9
0%
Thoovanathumbikal19878.6
0%
Three Poplars on Plyuschikha Street19687.8
0%
Thulladha Manamum Thullum19998.4
0%
To Each His Own19467.7
0%
Trouble in Paradise19328.0
0%
Ugetsu19538.2
0%
Ustad Hotel20128.2
0%
Vaalee19998.0
0%
Vicky Donor20127.8
0%
Vinnaithaandi Varuvaayaa20108.1
0%
Walking the Streets of Moscow19647.8
0%
What's Eating Gilbert Grape?19937.7
0%
What's Up, Doc?19727.7
0%
What's Up with Cinta?20027.7
0%
What the Day Owes the Night20127.8
0%
White Nights19577.8
0%
Wings of Desire19878.0
0%
Yeh Saali Aashiqui20198.0
0%
Ye Maaya Chesave20107.7
0%
You Can't Take It with You19387.9
0%

Score Distribution

Percentile by Number Answered

Percent of People with Each Score

Your Score History

You have not taken this quiz